Sytuacja finansowa przedsiebiorstw po I pólroczu 1992 r.
V prvom polroku 1992 nastalo v poľských podnikoch ďalšie zhoršenie finančných výsledkov, o čom svedčí vývoj ukazovateľa rentability a zisku. Dá sa hovoriť o nadmernom fiškalizme. Vzrástol aj počet podnikov neschopných úveru. Analýza finančnej kondície podnikov a zhoršenie ich finančnej situácie. Vyb...
Uložené v:
| Hlavný autor: | |
|---|---|
| Médium: | Kapitola |
| Jazyk: | Polish |
| Predmet: | |
| Tagy: |
Žiadne tagy, Buďte prvý, kto otaguje tento záznam!
|
MARC
| LEADER | 00000naa a2200000 4500 | ||
|---|---|---|---|
| 001 | r011232 | ||
| 005 | 20221125122631.6 | ||
| 041 | 0 | |a pol | |
| 044 | |a PL | ||
| 245 | 1 | 0 | |a Sytuacja finansowa przedsiebiorstw po I pólroczu 1992 r. |c K. Markowski |
| 520 | |a V prvom polroku 1992 nastalo v poľských podnikoch ďalšie zhoršenie finančných výsledkov, o čom svedčí vývoj ukazovateľa rentability a zisku. Dá sa hovoriť o nadmernom fiškalizme. Vzrástol aj počet podnikov neschopných úveru. Analýza finančnej kondície podnikov a zhoršenie ich finančnej situácie. Vybrané ekonomické ukazovatele priemyselných podnikov. | ||
| 610 | 2 | 0 | |a financovanie podnikov |
| 610 | 2 | 0 | |a PR |
| 610 | 2 | 0 | |a 1992 |
| 610 | 2 | 0 | |a rentabilita podniku |
| 610 | 2 | 0 | |a zisk podnikový |
| 610 | 2 | 0 | |a ukazovatele ekonomické |
| 610 | 2 | 0 | |a podnik priemyselný |
| 100 | 1 | |a Markowski, K. | |